000 00866nam a22002177a 4500
001 EIF-IV-1999-M5-003
003 OSt
005 20221108210423.0
008 221108b |||||||| |||| 00| 0 eng d
040 _aFundación Jesús Pereda
_cFundación Jesús Pereda
041 _aCatalán
100 _uIES Andreu Sempere, Alcot
_aBeneito Lloris, Ángel
_9377
111 _aEncuentro de Investigadores del Franquismo
_c(Valencia.
_d1999.
_n4º)
_996
245 _aLa premsa periòdica a Alcoi durat els primers anys del franquisme
_c/Ángel Beneito Lloris
650 0 _9159
_aPeriodismo
650 0 _9179
_aPropaganda
650 0 _9123
_aPrimer franquismo
773 _tActas del IV Encuentro de Investigadores del Franquismo
_g576-582 p.
856 _uhttps://bibliotecaccoocyl.fundacionjesuspereda.es/cgi-bin/koha/opac-retrieve-file.pl?id=c50190581113184c4e954102f931b469
942 _2ddc
_cCF
_n0
999 _c201
_d201